NBA historic stats - Statistics

General Stats
  • This quiz has been taken 77 times
  • The average score is 13 of 15
Answer Stats
Question Answer % Correct
Who has the most All-Time career points? LeBron James
100%
Which NBA player has an all time history mark of 63 points in a single playoff game? Michael Jordan
100%
Who has the most three pointers made with in their career with 3,486 as of December 2023? Steph Curry
100%
Which NBA player averaged 50.4 points in their season as a 25 year-old? Wilt Chamberlain
100%
What NBA player scored 100 points in a single game? Wilt Chamberlain
100%
What Player leads NBA history with 15,806 career assists? John Stockton
93%
Which NBA player currently (2023) leads NBA in triple doubles? Russell Westbrook
93%
What NBA player leads NBA history with 3,830 career blocks? Hakeem Olajuwon
86%
Who holds the NBA record for 14 three pointers in a single game? Klay Thompson
86%
Who leads NBA history with 3,265 steals in their career? John Stockton
79%
What NBA player holds the single game record for assists with 30? Scott Skiles
79%
What player was able to get 55 rebounds (NBA all time record) in a single game? Wilt Chamberlain
79%
Who is the only player in NBA history to get 17 blocks in a game? Elmore Smith
64%
Which of these players actually got a quadruple double? Hakeem Olajuwon
57%
What NBA player is the only player to get ejected 29 times in their career so far? Rasheed Wallace
57%
No matching quizzes found
Score Distribution
Percent of People with Each Score
Percentile by Number Answered
Your Score History
You have not taken this quiz